الخطاب القرآنى وتوظيفه فى تعليم اللغة العربية للناطقين بغيرها /
Saved in:
| Main Author: | |
|---|---|
| Format: | Thesis |
| Language: | Arabic |
| Published: |
Petaling Jaya :
al-Jami'ah al-Islamiyah al-'alamiyah bi-Maliziya,
1997
|
| Subjects: | |
| Tags: |
Add Tag
No Tags, Be the first to tag this record!
|
| LEADER | 016620000a22003490004500 | ||
|---|---|---|---|
| 001 | 163614 | ||
| 005 | 20230420084053.0 | ||
| 008 | 971118s1997 my ara | ||
| 035 | |a 540591 | ||
| 035 | |a (Sirsi) 163614 | ||
| 040 | |a UIAM |b eng | ||
| 050 | 0 | 0 | |a BP130.8 |
| 100 | 0 | |a Kande, Boubacar |9 111295 | |
| 242 | 1 | 3 | |a al-Khitab al-Qur'ani wa-tawzifuhu fi ta'lim al-lughah al-'Arabiyah lil-natiqin bi-ghayriha |
| 245 | 1 | 2 | |a الخطاب القرآنى وتوظيفه فى تعليم اللغة العربية للناطقين بغيرها / |c اعداد بوبكر كاندى |
| 246 | 1 | 4 | |a The Quranic discourse and how it may be utilised in teaching Arabic as a second language |
| 260 | |a Petaling Jaya : |b al-Jami'ah al-Islamiyah al-'alamiyah bi-Maliziya, |c 1997 | ||
| 300 | |a 140 leaves ; |c 30 cm. | ||
| 336 | |2 rdacontent | ||
| 337 | |2 rdamedia | ||
| 338 | |2 rdacarrier | ||
| 500 | |a Includes bibliographical references (p. 134-140). | ||
| 502 | |a "... for the degree of Master of Human Sciences in Arabic as a Second Language"--Approval page | ||
| 502 | |a (M.A.)--al-Jami'ah al-Islamiyah al-'Alamiyah Maliziya, Kulliyat Ma'arif al-Wahy wa-al-'Ulum al-Insaniyah, 1997. | ||
| 630 | 0 | |a Qur'an |x Language, style Study and teaching |9 111296 | |
| 650 | 0 | |a Arabic language |x Study and teaching Foreign speakers |9 19612 | |
| 655 | 0 | 7 | |a Theses, IIUM local |
| 690 | 0 | |a Dissertations, Academic |x Department of Arabic Language and Literature |z IIUM | |
| 900 | |a abu-ami | ||
| 942 | |2 lcc |n 0 | ||
| 999 | |c 431227 |d 462718 | ||
| 952 | |0 0 |6 T BP 000130.8 K16K 1997 |7 0 |8 THESES |9 750939 |a IIUM |b IIUM |c MULTIMEDIA |g 0.00 |o t BP130.8K16K 1997 |p 00000540608 |r 2017-10-17 |t 1 |v 0.00 |y THESIS | ||
